000
00268nam a22001097a 4500
082
_a
607.34 CAR'E
100
_a
CARNEL, JAMES H
_9
58643
245
_a
EXIHIBITION TECHNIQUES TRAVELING AND TEMPORARY
260
_a
NEWYORK
_b
REINHOLD
_c
1962
300
_a
216P
942
_c
BK
999
_c
568795
_d
568795